|
|
|
|
| LEADER |
00000naa2a2200000 4500 |
| 001 |
603457 |
| 005 |
20260306140612.0 |
| 035 |
|
|
|a (RuTPU)RU\TPU\conf\641
|
| 035 |
|
|
|a RU\TPU\conf\637
|
| 090 |
|
|
|a 603457
|
| 100 |
|
|
|a 20140116d2013 k y0rusy50 ca
|
| 101 |
0 |
|
|a rus
|
| 102 |
|
|
|a RU
|
| 135 |
|
|
|a drnn ---uucaa
|
| 181 |
|
0 |
|a i
|
| 182 |
|
0 |
|a b
|
| 200 |
1 |
|
|a Обеспечение безопасности населения при наводнении на территории г.Томска
|f А. А. Пономарев, Н. В. Крепша
|g науч. рук. Н. В. Крепша
|
| 203 |
|
|
|a Текст
|c электронный
|
| 225 |
1 |
|
|a Современные системы и технологии в неразрушающем контроле
|
| 300 |
|
|
|a Заглавие с титульного экрана
|
| 320 |
|
|
|a [Библиогр.: с. 200 (3 назв.)]
|
| 337 |
|
|
|a Adobe Reader
|
| 461 |
|
1 |
|0 (RuTPU)RU\TPU\conf\33
|t Неразрушающий контроль: электронное приборостроение, технологии, безопасность
|o сборник трудов III Всероссийской научно-практической конференции студентов, аспирантов и молодых учёных, Томск, 27-31 мая 2013 г.
|o в 2 т.
|f Национальный исследовательский Томский политехнический университет (ТПУ)
|d 2013
|
| 463 |
|
1 |
|0 (RuTPU)RU\TPU\conf\35
|t Т. 2
|v [С. 197-200]
|d 2013
|
| 610 |
1 |
|
|a труды учёных ТПУ
|
| 610 |
1 |
|
|a электронный ресурс
|
| 610 |
1 |
|
|a безопасность населения
|
| 610 |
1 |
|
|a наводнения
|
| 610 |
1 |
|
|a Томск
|
| 610 |
1 |
|
|a затопления местности
|
| 610 |
1 |
|
|a водное питание
|
| 610 |
1 |
|
|a методы защиты
|
| 700 |
|
1 |
|a Пономарев
|b А. А.
|
| 701 |
|
1 |
|a Крепша
|b Н. В.
|c специалист в области экологии и безопасности жизнедеятельности
|c доцент Томского политехнического университета
|f 1947-
|g Нина Владимировна
|3 (RuTPU)RU\TPU\pers\26194
|
| 702 |
|
1 |
|a Крепша
|b Н. В.
|c специалист в области экологии и безопасности жизнедеятельности
|c доцент Томского политехнического университета
|f 1947-
|g Нина Владимировна
|4 727
|
| 712 |
0 |
2 |
|a Национальный исследовательский Томский политехнический университет (ТПУ)
|b Институт неразрушающего контроля (ИНК)
|b Кафедра экологии и безопасности жизнедеятельности (ЭБЖ)
|3 (RuTPU)RU\TPU\col\18720
|
| 801 |
|
2 |
|a RU
|b 63413507
|c 20230522
|g RCR
|
| 856 |
4 |
|
|u http://www.lib.tpu.ru/fulltext/c/2013/C36/V2/062.pdf
|
| 942 |
|
|
|c BK
|